000
00320nam a22001457a 4500
008
221024b ||||| |||| 00| 0 eng d
020
_a
9780030573125
041
_a
eng
080
_a
159.9
082
_a
159.9
100
_a
25
101
_a
PSI
245
_a
THE TRAGEDY OF MACHBETH
_c
SHAKESPEARE W
942
_2
udc
_c
BK
999
_c
58646
_d
58646